000 01390nam a2200337 a 4500
001 60777
003 BD-RjUL
005 20211209080900.0
008 010317s2005 caua b 001 0 eng
020 _a0804752400 (softcover : North America)
020 _a0821358138
020 _a0804752397 (hardcover : North America)
_cBD-RjUL
035 _a(BD-RjUL)60901
040 _aDLC
_cDLC
_dBD-RjUL
_beng
041 _aeng
082 0 0 _a382.918
_223
_bLEL 2005
100 1 _aLederman, Daniel,
_d1968-
_9181103
245 1 0 _aLessons from NAFTA for Latin America and the Caribbean /
_cDaniel Lederman, William F. Maloney, Luis Servén.
260 _aPalo Alto, Calif. :
_bStanford Economics and Finance ;
_aWashington, DC :
_bWorld Bank,
_cc2005.
300 _axx, 407 p. :
_bill. ;
_c23 cm.
500 _aIncludes bibliographical references and index.
650 0 _aFree trade
_zLatin America.
_9181105
650 0 _aFree trade
_zCaribbean Area.
_9181106
700 1 _aMaloney, William F.
_q(William Francis),
_d1959-
_9181107
700 1 _aServen, Luis.
_9181108
856 4 2 _3Contributor biographical information
_uhttp://www.loc.gov/catdir/enhancements/fy0710/2005295832-b.html
856 4 2 _3Publisher description
_uhttp://www.loc.gov/catdir/enhancements/fy0710/2005295832-d.html
942 _2ddc
_cBK
999 _c60777
_d60777